Ekiti state, Nigeria (Record no. 38380)
[ view plain ]
| 000 -LEADER | |
|---|---|
| fixed length control field | 00487nam a2200157Ia 4500 |
| 022 ## - INTERNATIONAL STANDARD SERIAL NUMBER | |
| ISSN | BF 637.C6 .J68/ |
| 050 ## - CALL MARK | |
| Classification number | Journal of counselling and applied psychology [JOCAP] |
| 245 #0 - TITLE STATEMENT | |
| Title | Ekiti state, Nigeria |
| 260 ## - PUBLICATION, DISTRIBUTION, ETC. (IMPRINT) | |
| Place of publication | Faculty of education, Ekiti state university |
| 260 ## - PUBLICATION, DISTRIBUTION, ETC. (IMPRINT) | |
| Name of publisher | 2018 |
| 260 ## - PUBLICATION, DISTRIBUTION, ETC. (IMPRINT) | |
| Year of publication | ix, 183 p. :ill. ; 29 cm. |
| 300 ## - PHYSICAL DESCRIPTION | |
| Number of Pages | Counselling--Periodicals. Psychology--Periodicals. |
| 650 ## - SUBJECT ADDED ENTRY--TOPICAL TERM | |
| Topical Term | SR |
No items available.